History Quiz

Random History or Politics Quiz

Know These 2020 Democratic Candidates? Quiz Stats

 Plays Quiz Updated Nov 18, 2019

Score 0/24 Timer 07:00
11 Plays Today
% Correct
Bernie Sanders
98%
Joe Biden
97.5%
Elizabeth Warren
95.9%
Andrew Yang
94.5%
Kamala Harris
92.7%
Beto O'Rourke
89.6%
Cory Booker
88.1%
Julián Castro
87.9%
Pete Buttigieg
85.6%
Tulsi Gabbard
84.2%
Kirsten Gillibrand
82.6%
Amy Klobuchar
79.2%
% Correct
Marianne Williamson
72.9%
Bill de Blasio
54.5%
Mike Gravel
52.1%
Wayne Messam
48.5%
Tom Steyer
48.1%
Michael Bennet
44.5%
John Delaney
44.3%
John Hickenlooper
42.8%
Tim Ryan
40.4%
Seth Moulton
37.7%
Jay Inslee
36.4%
Steve Bullock
32%

You're not logged in!

Compare scores with friends on all Sporcle quizzes.
OR
Log In

Sporcle TV

Today on Sporcle TV


Watch our educational content, quiz creation guides, and fun videos on Sporcle TV.

Show Comments

Extras

Top Quizzes Today


Score Distribution

Your Account Isn't Verified!

In order to create a playlist on Sporcle, you need to verify the email address you used during registration. Go to your Sporcle Settings to finish the process.

Report this User

Report this user for behavior that violates our Community Guidelines.

Details: